英国宪法 Yingguo xian fa (Record no. 35658)
[ view plain ]
| 000 -LEADER | |
|---|---|
| fixed length control field | 01225nam a2200253 4500 |
| 008 - FIXED-LENGTH DATA ELEMENTS--GENERAL INFORMATION | |
| fixed length control field | 110506s2009 cc 000 0 chi |
| 020 ## - INTERNATIONAL STANDARD BOOK NUMBER | |
| International Standard Book Number | 7100065445 |
| 020 ## - INTERNATIONAL STANDARD BOOK NUMBER | |
| International Standard Book Number | 9787100065443 :HK43.00/Php266.51 |
| 090 ## - LOCALLY ASSIGNED LC-TYPE CALL NUMBER (OCLC); LOCAL CALL NUMBER (OCLC) | |
| Classification number (OCLC) (R) ; Classification number, CALL (RLIN) (NR) | JN125 |
| Local cutter number (OCLC) ; Book number/undivided call number, CALL (RLIN) | B14 |
| -- | 2009 |
| 100 1# - MAIN ENTRY--PERSONAL NAME | |
| Personal name | 沃尔特 白芝浩著 Bagehot, Walter, |
| Dates associated with a name | 1826-1877 |
| 245 10 - TITLE STATEMENT | |
| Title | 英国宪法 Yingguo xian fa |
| 246 10 - VARYING FORM OF TITLE | |
| Title proper/short title | The English constitution, and other political essays / |
| -- | 沃尔特 白芝浩著 ; 夏彦才译; Walter Bagehot; Yancaixia |
| 260 ## - PUBLICATION, DISTRIBUTION, ETC. (IMPRINT) | |
| Place of publication, distribution, etc | 商務印書館 Commercial Press, Beijing : |
| Name of publisher, distributor, etc | Shang wu yin shu guan, |
| Date of publication, distribution, etc | 2009. |
| 300 ## - PHYSICAL DESCRIPTION | |
| Extent | 2, 1, 379 p. ; |
| Dimensions | 21 cm. |
| 490 1# - SERIES STATEMENT | |
| Series statement | 漢譯世界學術名著叢書 Han yi shi jie xue zhu ming zhu cong shu = |
| -- | [Collection of world-renown academic classical work in Chinese]. |
| 500 ## - GENERAL NOTE | |
| General note | Translation of: The English constitution, and other political essays. |
| 600 14 - SUBJECT ADDED ENTRY--PERSONAL NAME | |
| Personal name | Brougham and Vaux, Henry Brougham, Baron, |
| Dates associated with a name | 1778-1868 {ch}. |
| 600 14 - SUBJECT ADDED ENTRY--PERSONAL NAME | |
| Personal name | Peel, Robert, |
| Dates associated with a name | 1788-1850. {ch}.% |
| 650 #4 - SUBJECT ADDED ENTRY--TOPICAL TERM | |
| Topical term or geographic name as entry element | 政治、法律、社會學 {ch} |
| 651 #4 - SUBJECT ADDED ENTRY--GEOGRAPHIC NAME | |
| Geographic name | Great Britain |
| General subdivision | Politics and government {ch}. |
| 951 ## - EQUIVALENCE OR CROSS-REFERENCE-GEOGRAPHIC NAME/AREA NAME [OBSOLETE] [CAN/MARC only] | |
| General subdivision | 00040285 |
| 700 1# - ADDED ENTRY--PERSONAL NAME | |
| Personal name | Yancaixia |
| 700 1# - ADDED ENTRY--PERSONAL NAME | |
| Personal name | 夏彦才译 |
| 951 ## - EQUIVALENCE OR CROSS-REFERENCE-GEOGRAPHIC NAME/AREA NAME [OBSOLETE] [CAN/MARC only] | |
| -- | C-10519 |
| -- | REF-CHJN125/B14/2009 |
| -- | 110506153431296 |
| -- | 2000-12-21 |
| -- | Ref-CH |
| Withdrawn status | Lost status | Damaged status | Not for loan | Home library | Current library | Shelving location | Date acquired | Accession number | Shelving control number | Total Checkouts | Full call number | Barcode | Date last seen | Price effective from | Koha item type |
|---|---|---|---|---|---|---|---|---|---|---|---|---|---|---|---|
| BSOP Library | BSOP Library | 12/21/2000 | C-10519 | 127 | REF-CHJN125/B14/2009 | 00040285 | 02/23/2013 | 02/23/2013 | Books |
